Diversifying mathematics teaching : (Record no. 354913)
[ view plain ]
| 000 -LEADER | |
|---|---|
| fixed length control field | 00394nam a2200109Ia 4500 |
| 008 - FIXED-LENGTH DATA ELEMENTS--GENERAL INFORMATION | |
| fixed length control field | 180205s9999 xx 000 0 und d |
| 020 ## - INTERNATIONAL STANDARD BOOK NUMBER | |
| International Standard Book Number | 9789813208902 |
| 100 ## - MAIN ENTRY--PERSONAL NAME | |
| Personal name | Abramovich, Sergei |
| 245 ## - TITLE STATEMENT | |
| Title | Diversifying mathematics teaching : |
| Remainder of title | advanced educational content and methods for prospective elementary teachers |
| 260 ## - PUBLICATION, DISTRIBUTION, ETC. (IMPRINT) | |
| Place of publication, distribution, etc | London : |
| Name of publisher, distributor, etc | World scientific publishing |
| Date of publication, distribution, etc | 2017 |
| 300 ## - PHYSICAL DESCRIPTION | |
| Extent | v, 268 pages |
| Withdrawn status | Lost status | Damaged status | Home library | Current library | Shelving location | Date acquired | Source of acquisition | Total Checkouts | Full call number | Barcode | Date last seen | Price effective from | Koha item type |
|---|---|---|---|---|---|---|---|---|---|---|---|---|---|
| College Library | College Library | Reserve Section | 02/05/2018 | Library Fund | QA 135.6 .Ab161 2017 | C21140 | 05/15/2018 | 02/05/2018 | Books |